[Event "Chess Classics Masters"]
[Site "Frankfurt"]
[Date "1998.06.18"]
[Round "7"]
[White "Adorjan, Andras"]
[Black "Korchnoi, Viktor"]
[Result "1/2-1/2"]
[WhiteElo "2490"]
[BlackElo "2625"]
[PlyCount "91"]
[EventDate "1998.06.17"]
[EventType "tourn (rapid)"]
[EventRounds "14"]
[EventCountry "GER"]
[EventCategory "14"]
[Source "ChessBase"]
[SourceDate "1998.09.09"]
[WhiteTeamCountry "HUN"]
[BlackTeamCountry "HUN"]

1. d4 d5 2. c4 e6 3. Nc3 Bb4 4. Qa4+ Nc6 5. cxd5 exd5 6. g3 Bd7 7. Qd1 Nf6 8.
Bg2 Ne7 9. Nf3 Ng6 10. Ne5 c6 11. Qb3 Qb6 12. Be3 Bd6 13. Nxd7 Nxd7 14. Qc2 Nf6
15. O-O Ng4 16. Bd2 O-O 17. e3 Qd8 18. Rab1 Qe7 19. b4 a6 20. a4 f5 21. h3 Nh6
22. b5 axb5 23. axb5 Kh8 24. Na4 Qe8 25. Nc5 Rf7 26. Rb2 Ng8 27. Rfb1 Nf6 28.
Qxf5 Bxc5 29. dxc5 Ne4 30. Bxe4 Rxf5 31. Bxf5 Ne5 32. bxc6 bxc6 33. Bc3 Kg8 34.
Rb7 g6 35. Bg4 h5 36. Bd1 Nd7 37. Bd4 Rb8 38. Bc2 Rxb7 39. Rxb7 Qc8 40. Ra7 Kf7
41. f4 Ke7 42. Be5 Ke6 43. Bd6 Qh8 44. Bxg6 Qc3 45. f5+ Kf6 46. Rxd7 1/2-1/2

[Event "Chess Classics Masters"]
[Site "Frankfurt"]
[Date "1998.06.18"]
[Round "8"]
[White "Adorjan, Andras"]
[Black "Beim, Valery"]
[Result "1-0"]
[WhiteElo "2490"]
[BlackElo "2555"]
[PlyCount "85"]
[EventDate "1998.06.17"]
[EventType "tourn (rapid)"]
[EventRounds "14"]
[EventCountry "GER"]
[EventCategory "14"]
[Source "ChessBase"]
[SourceDate "1998.09.09"]
[WhiteTeamCountry "HUN"]
[BlackTeamCountry "HUN"]

1. e4 g6 2. d4 Bg7 3. Nc3 d6 4. Be3 Nf6 5. h3 a6 6. a4 Nbd7 7. Nf3 O-O 8. e5
Ne8 9. Bc4 Nb6 10. Bb3 a5 11. O-O c6 12. Qd2 Bf5 13. Bh6 dxe5 14. Bxg7 Kxg7 15.
Nxe5 c5 16. Nb5 f6 17. Nf3 c4 18. Ba2 Nd6 19. Rfe1 Nxb5 20. axb5 Rf7 21. b3 c3
22. Qxc3 Rc8 23. Qxa5 Bxc2 24. Qd2 Bf5 25. b4 Rc2 26. Qe3 Nd5 27. Qb3 e6 28.
Nh4 Rc3 29. Qb2 Rfc7 30. Nxf5+ exf5 31. Bxd5 Qxd5 32. b6 R7c4 33. Re7+ Kh6 34.
Qd2+ g5 35. h4 Qxd4 36. hxg5+ fxg5 37. Qe1 Qd5 38. Ra5 Qg8 39. Re6+ Kh5 40.
Qe2+ Rg4 41. Rxf5 Rc1+ 42. Kh2 Rc2 43. Rff6 1-0

[Event "Chess Classics Masters"]
[Site "Frankfurt"]
[Date "1998.06.18"]
[Round "9"]
[White "Jussupow, Artur"]
[Black "Adorjan, Andras"]
[Result "1-0"]
[WhiteElo "2630"]
[BlackElo "2490"]
[PlyCount "101"]
[EventDate "1998.06.17"]
[EventType "tourn (rapid)"]
[EventRounds "14"]
[EventCountry "GER"]
[EventCategory "14"]
[Source "ChessBase"]
[SourceDate "1998.09.09"]
[WhiteTeamCountry "HUN"]
[BlackTeamCountry "HUN"]

1. d4 Nf6 2. Nf3 g6 3. Bg5 Bg7 4. Nbd2 c5 5. e3 b6 6. c3 O-O 7. Bd3 Ba6 8. Bxa6
Nxa6 9. O-O Qc7 10. Qe2 Qb7 11. e4 cxd4 12. cxd4 Rac8 13. Rfc1 Rxc1+ 14. Rxc1
Rc8 15. Rc3 h6 16. Bf4 d6 17. h3 Nb8 18. g4 a6 19. Bg3 Nfd7 20. Bh4 g5 21. Bg3
Nc6 22. Qe3 e5 23. Nb3 a5 24. d5 Nb4 25. a3 Na6 26. h4 f6 27. Qc1 Rxc3 28. Qxc3
Ndc5 29. Nfd2 a4 30. Nc1 b5 31. Na2 Qd7 32. f3 gxh4 33. Bxh4 h5 34. gxh5 Qh3
35. Bf2 Bh6 36. Nf1 f5 37. exf5 Qxf5 38. Nb4 Nxb4 39. axb4 Nd3 40. Bg3 Bc1 41.
Qc6 Bxb2 42. Kg2 Qg5 43. Qe8+ Kg7 44. Qd7+ Kh6 45. Qxd6+ Kxh5 46. Qd7 a3 47.
Qh7+ Qh6 48. Qxd3 a2 49. Bf2 Qf4 50. Qh7+ Kg5 51. Ng3 1-0

[Event "Zalakaros op 18th"]
[Site "Zalakaros"]
[Date "1999.05.12"]
[Round "1"]
[White "Adorjan, Andras"]
[Black "Csonka, Attila Istvan"]
[Result "1-0"]
[WhiteElo "2495"]
[BlackElo "2158"]
[PlyCount "69"]
[EventDate "1999.05.??"]
[EventType "swiss"]
[EventRounds "9"]
[EventCountry "HUN"]
[Source "ChessBase"]
[SourceDate "1999.11.16"]
[WhiteTeamCountry "HUN"]
[BlackTeamCountry "HUN"]

1. Nf3 Nf6 2. c4 Nc6 3. d4 d5 4. cxd5 Qxd5 5. Nc3 Qa5 6. Bd2 Bg4 7. e3 e6 8.
Be2 Bb4 9. h3 Bf5 10. O-O O-O 11. Qb3 Ne4 12. Rfc1 Bxc3 13. bxc3 Rab8 14. Be1
Qb6 15. Nh4 Qxb3 16. axb3 a6 17. c4 Ne7 18. b4 c6 19. b5 axb5 20. cxb5 Nd6 21.
Nxf5 exf5 22. Bb4 Rfd8 23. bxc6 bxc6 24. Bc5 g6 25. Ra6 Rbc8 26. Bf3 Kg7 27. g4
Kf6 28. Kg2 Ke6 29. Bb4 Ra8 30. Rxa8 Rxa8 31. Bxc6 Rd8 32. Bf3 Nd5 33. Ba3 Ra8
34. Bxd6 Kxd6 35. Rc5 1-0

[Event "Zalakaros op 18th"]
[Site "Zalakaros"]
[Date "1999.05.14"]
[Round "3"]
[White "Adorjan, Andras"]
[Black "Pridorozhni, Aleksei"]
[Result "1-0"]
[WhiteElo "2495"]
[BlackElo "2302"]
[PlyCount "75"]
[EventDate "1999.05.??"]
[EventType "swiss"]
[EventRounds "9"]
[EventCountry "HUN"]
[Source "ChessBase"]
[SourceDate "1999.11.16"]
[WhiteTeamCountry "HUN"]
[BlackTeamCountry "HUN"]

1. e4 c5 2. Nf3 Nc6 3. Bb5 e6 4. O-O Nge7 5. Re1 Nd4 6. Nxd4 cxd4 7. c3 Nc6 8.
Qg4 a6 9. Bxc6 dxc6 10. e5 dxc3 11. dxc3 h5 12. Qh3 b5 13. Nd2 Bb7 14. Ne4 c5
15. Bg5 Qc7 16. Rad1 Bxe4 17. Rxe4 Be7 18. Bxe7 Qxe7 19. Qf3 Rd8 20. Ree1 O-O
21. Qxh5 Rxd1 22. Rxd1 Rd8 23. g3 g6 24. Qf3 Qg5 25. Rd6 Qc1+ 26. Kg2 Rxd6 27.
exd6 Qd2 28. Qc6 c4 29. Qc5 Qd3 30. h4 Qe4+ 31. Kh2 Qb7 32. Kg1 Kh7 33. h5 Kh6
34. Qe3+ Kh7 35. Qd4 Qd7 36. h6 e5 37. Qxe5 Kxh6 38. Qh8+ 1-0

[Event "Zalakaros op 18th"]
[Site "Zalakaros"]
[Date "1999.05.16"]
[Round "5"]
[White "Adorjan, Andras"]
[Black "Foldi, Istvan"]
[Result "1/2-1/2"]
[WhiteElo "2495"]
[BlackElo "2391"]
[PlyCount "37"]
[EventDate "1999.05.??"]
[EventType "swiss"]
[EventRounds "9"]
[EventCountry "HUN"]
[Source "ChessBase"]
[SourceDate "1999.11.16"]
[WhiteTeamCountry "HUN"]
[BlackTeamCountry "HUN"]

1. e4 e6 2. d4 d5 3. Nc3 Bb4 4. e5 Ne7 5. Bd2 b6 6. Nf3 Ba6 7. Bxa6 Nxa6 8. Ne2
Bxd2+ 9. Qxd2 c5 10. c3 Nb8 11. O-O Nbc6 12. dxc5 bxc5 13. c4 d4 14. Nf4 O-O
15. Nd3 Ng6 16. Rfe1 Qb6 17. h4 h6 18. Re4 a5 19. h5 1/2-1/2

[Event "Zalakaros op 18th"]
[Site "Zalakaros"]
[Date "1999.05.18"]
[Round "7"]
[White "Adorjan, Andras"]
[Black "Forintos, Gyozo"]
[Result "1/2-1/2"]
[WhiteElo "2495"]
[BlackElo "2360"]
[PlyCount "27"]
[EventDate "1999.05.??"]
[EventType "swiss"]
[EventRounds "9"]
[EventCountry "HUN"]
[Source "ChessBase"]
[SourceDate "1999.11.16"]
[WhiteTeamCountry "HUN"]
[BlackTeamCountry "HUN"]

1. Nf3 d5 2. d4 Nf6 3. c4 c5 4. cxd5 cxd4 5. Nxd4 Nxd5 6. g3 e5 7. Nc2 Nc6 8.
Bg2 Be6 9. O-O Bc5 10. Nc3 Nxc3 11. bxc3 Qa5 12. Nb4 O-O 13. Nxc6 bxc6 14. Qc2
1/2-1/2

[Event "Zalakaros op 18th"]
[Site "Zalakaros"]
[Date "1999.05.19"]
[Round "8"]
[White "Bogdan, Dan"]
[Black "Adorjan, Andras"]
[Result "0-1"]
[WhiteElo "2367"]
[BlackElo "2495"]
[PlyCount "74"]
[EventDate "1999.05.??"]
[EventType "swiss"]
[EventRounds "9"]
[EventCountry "HUN"]
[Source "ChessBase"]
[SourceDate "1999.11.16"]
[WhiteTeamCountry "HUN"]
[BlackTeamCountry "HUN"]

1. c4 g6 2. Nc3 c5 3. g3 Nc6 4. Bg2 Bg7 5. e3 b6 6. Nge2 Bb7 7. O-O Na5 8. Bxb7
Nxb7 9. d3 Nf6 10. Nf4 O-O 11. Rb1 a6 12. Qf3 Na5 13. b3 Nc6 14. h4 Ne5 15. Qg2
e6 16. Bb2 d6 17. Rfd1 Qc7 18. Ne4 Nxe4 19. Qxe4 b5 20. Rdc1 bxc4 21. bxc4 Rab8
22. d4 Nd7 23. Qc2 cxd4 24. exd4 Bh6 25. Qe4 Nf6 26. Qf3 e5 27. dxe5 dxe5 28.
Re1 Rxb2 29. Rxb2 exf4 30. g4 Bg7 31. g5 Nd7 32. Rb7 Ne5 33. Qd5 Qc8 34. Re7
Qg4+ 35. Kf1 Nf3 36. R1e4 Nh2+ 37. Ke1 Bc3+ 0-1

[Event "Zalakaros op 18th"]
[Site "Zalakaros"]
[Date "1999.05.20"]
[Round "9"]
[White "Adorjan, Andras"]
[Black "Fischer, Johann Stefan"]
[Result "1-0"]
[WhiteElo "2495"]
[BlackElo "2340"]
[PlyCount "67"]
[EventDate "1999.05.??"]
[EventType "swiss"]
[EventRounds "9"]
[EventCountry "HUN"]
[Source "ChessBase"]
[SourceDate "1999.11.16"]
[WhiteTeamCountry "HUN"]
[BlackTeamCountry "HUN"]

1. c4 c5 2. Nf3 Nc6 3. d4 cxd4 4. Nxd4 g6 5. e4 Bg7 6. Be3 Nf6 7. Nc3 O-O 8.
Be2 d6 9. O-O Be6 10. Rc1 Ne5 11. Nxe6 fxe6 12. f4 Nc6 13. Qb3 Nd7 14. Rfd1 b6
15. e5 dxe5 16. fxe5 Qc8 17. Ne4 Nc5 18. Nxc5 bxc5 19. Bxc5 Rb8 20. Qa3 Bxe5
21. b4 Qc7 22. g3 Rbd8 23. Qe3 Rxd1+ 24. Rxd1 Rd8 25. Rxd8+ Qxd8 26. Kg2 Kg7
27. Qe4 Qc7 28. b5 Nd8 29. Bxa7 Qxa7 30. Qxe5+ Kf7 31. Qb2 Nb7 32. b6 Qb8 33.
Bf3 e5 34. Qf2 1-0

[Event "HUN-chT 9900"]
[Site "Hungary"]
[Date "1999.09.26"]
[Round "1"]
[White "Adorjan, Andras"]
[Black "Szekely, Peter"]
[Result "1/2-1/2"]
[WhiteElo "2512"]
[BlackElo "2436"]
[PlyCount "26"]
[EventDate "1999.09.26"]
[EventType "team"]
[EventRounds "11"]
[EventCountry "HUN"]
[Source "ChessBase"]
[SourceDate "2008.11.26"]
[WhiteTeam "Matador"]
[BlackTeam "Pecs"]
[WhiteTeamCountry "HUN"]
[BlackTeamCountry "HUN"]

1. Nf3 Nf6 2. c4 g6 3. g3 Bg7 4. Bg2 c6 5. O-O O-O 6. b3 Ne4 7. d4 d5 8. Bb2
Bf5 9. Nfd2 Nd7 10. Nxe4 Bxe4 11. Bh3 Nf6 12. Nc3 Bf5 13. Bxf5 gxf5 1/2-1/2

[Event "HUN-chT 9900"]
[Site "Hungary"]
[Date "1999.10.03"]
[Round "2"]
[White "Ribli, Zoltan"]
[Black "Adorjan, Andras"]
[Result "1/2-1/2"]
[WhiteElo "2586"]
[BlackElo "2512"]
[PlyCount "60"]
[EventDate "1999.09.26"]
[EventType "team"]
[EventRounds "11"]
[EventCountry "HUN"]
[Source "ChessBase"]
[SourceDate "2008.11.26"]
[WhiteTeam "Nagykanizsa"]
[BlackTeam "Matador"]
[WhiteTeamCountry "HUN"]
[BlackTeamCountry "HUN"]

1. Nf3 c5 2. c4 Nf6 3. Nc3 b6 4. e4 d6 5. d4 cxd4 6. Nxd4 Bb7 7. f3 e6 8. Be3
Be7 9. Be2 O-O 10. O-O a6 11. Qd2 Nbd7 12. Rfd1 Rc8 13. Rac1 Re8 14. Kh1 Qc7
15. Bf1 Qb8 16. b4 Ne5 17. Na4 Nfd7 18. Nb3 Nxc4 19. Bxc4 b5 20. Bxe6 fxe6 21.
Nb2 Ne5 22. Bf4 Rxc1 23. Rxc1 Ng6 24. Bg5 Bf8 25. Nd3 Rc8 26. Na5 h6 27. Be3
Be7 28. h3 Rc7 29. a3 Qc8 30. Rxc7 Qxc7 1/2-1/2

[Event "HUN-chT 9900"]
[Site "Hungary"]
[Date "1999.11.14"]
[Round "4"]
[White "Adorjan, Andras"]
[Black "Portisch, Lajos"]
[Result "1/2-1/2"]
[WhiteElo "2512"]
[BlackElo "2552"]
[PlyCount "35"]
[EventDate "1999.09.26"]
[EventType "team"]
[EventRounds "11"]
[EventCountry "HUN"]
[Source "ChessBase"]
[SourceDate "2008.11.26"]
[WhiteTeam "Matador"]
[BlackTeam "Csuti"]
[WhiteTeamCountry "HUN"]
[BlackTeamCountry "HUN"]

1. d4 Nf6 2. c4 e6 3. Nf3 d5 4. Nc3 Nbd7 5. cxd5 exd5 6. Bf4 c6 7. Qc2 Nb6 8.
e3 Bg4 9. Ne5 Bh5 10. Bd3 Bg6 11. h3 Bxd3 12. Qxd3 Be7 13. O-O O-O 14. Rab1 Qc8
15. b4 a6 16. a4 Qe6 17. a5 Nc8 18. Na4 1/2-1/2

[Event "HUN-chT 9900"]
[Site "Hungary"]
[Date "1999.11.21"]
[Round "5"]
[White "Varga, Zoltan"]
[Black "Adorjan, Andras"]
[Result "1-0"]
[WhiteElo "2541"]
[BlackElo "2512"]
[PlyCount "55"]
[EventDate "1999.09.26"]
[EventType "team"]
[EventRounds "11"]
[EventCountry "HUN"]
[Source "ChessBase"]
[SourceDate "2008.11.26"]
[WhiteTeam "Honved"]
[BlackTeam "Matador"]
[WhiteTeamCountry "HUN"]
[BlackTeamCountry "HUN"]

1. e4 c5 2. Nf3 e6 3. d4 cxd4 4. Nxd4 Nf6 5. Bd3 Nc6 6. Nxc6 dxc6 7. O-O e5 8.
Nd2 Bg4 9. Qe1 Bd6 10. Nc4 Bc7 11. Qc3 Qb8 12. Qa3 Be6 13. Bg5 b5 14. Na5 Qb6
15. b4 O-O 16. Qc3 c5 17. Be3 Nd7 18. Nb3 Bxb3 19. axb3 Bd6 20. Ra5 cxb4 21.
Qa1 Bc5 22. Rxb5 Bxe3 23. Rxb6 axb6 24. Qd1 Bc5 25. Bc4 Nf6 26. Qf3 Rfd8 27. g4
Rd4 28. g5 1-0

[Event "HUN-chT 9900"]
[Site "Hungary"]
[Date "2000.02.13"]
[Round "7"]
[White "Ruck, Robert"]
[Black "Adorjan, Andras"]
[Result "1/2-1/2"]
[WhiteElo "2485"]
[BlackElo "2512"]
[PlyCount "44"]
[EventDate "1999.09.26"]
[EventType "team"]
[EventRounds "11"]
[EventCountry "HUN"]
[Source "ChessBase"]
[SourceDate "2008.11.26"]
[WhiteTeam "Haladas"]
[BlackTeam "Matador"]
[WhiteTeamCountry "HUN"]
[BlackTeamCountry "HUN"]

1. d4 Nf6 2. Nf3 g6 3. c4 Bg7 4. g3 O-O 5. Bg2 c6 6. O-O d5 7. Nbd2 Na6 8. b3
b6 9. Bb2 Bb7 10. e3 c5 11. Qe2 e6 12. Rfd1 Qe7 13. dxc5 Nxc5 14. Rac1 Rfd8 15.
Bd4 Rac8 16. Rc2 Na6 17. Rcc1 Nb4 18. a3 Nc6 19. Bb2 Ba6 20. Qe1 dxc4 21. Nxc4
Rxd1 22. Rxd1 Rd8 1/2-1/2

[Event "HUN-chT 9900"]
[Site "Hungary"]
[Date "2000.02.12"]
[Round "8"]
[White "Adorjan, Andras"]
[Black "Acs, Peter"]
[Result "1/2-1/2"]
[WhiteElo "2512"]
[BlackElo "2525"]
[PlyCount "54"]
[EventDate "1999.09.26"]
[EventType "team"]
[EventRounds "11"]
[EventCountry "HUN"]
[Source "ChessBase"]
[SourceDate "2008.11.26"]
[WhiteTeam "Matador"]
[BlackTeam "Paks"]
[WhiteTeamCountry "HUN"]
[BlackTeamCountry "HUN"]

1. c4 Nf6 2. Nc3 e5 3. e3 Bb4 4. Nge2 O-O 5. a3 Be7 6. Qc2 c6 7. d4 d6 8. b3
Re8 9. Bb2 Bf8 10. dxe5 dxe5 11. Ng3 a5 12. Be2 Na6 13. O-O Nc5 14. b4 Na6 15.
b5 Nc5 16. Rfd1 Qc7 17. a4 Be6 18. h3 h6 19. Rac1 Rad8 20. Rxd8 Rxd8 21. Rd1
Rxd1+ 22. Qxd1 Nfd7 23. Nge4 Nxe4 24. Nxe4 f5 25. Nd2 Qd6 26. Qc2 Be7 27. Bc3
b6 1/2-1/2

[Event "HUN-chT 9900"]
[Site "Hungary"]
[Date "2000.03.05"]
[Round "9"]
[White "Czebe, Attila"]
[Black "Adorjan, Andras"]
[Result "1/2-1/2"]
[WhiteElo "2414"]
[BlackElo "2512"]
[PlyCount "23"]
[EventDate "1999.09.26"]
[EventType "team"]
[EventRounds "11"]
[EventCountry "HUN"]
[Source "ChessBase"]
[SourceDate "2008.11.26"]
[WhiteTeam "Postas"]
[BlackTeam "Matador"]
[WhiteTeamCountry "HUN"]
[BlackTeamCountry "HUN"]

1. e4 c6 2. d4 d5 3. e5 Bf5 4. Nc3 e6 5. g4 Bg6 6. Nge2 c5 7. h4 f6 8. Nf4 Bf7
9. exf6 cxd4 10. Bb5+ Nc6 11. Qxd4 Nxf6 12. Nd3 1/2-1/2

[Event "HUN-chT 9900"]
[Site "Hungary"]
[Date "2000.03.26"]
[Round "10"]
[White "Adorjan, Andras"]
[Black "Beliavsky, Alexander"]
[Result "1/2-1/2"]
[WhiteElo "2512"]
[BlackElo "2618"]
[PlyCount "86"]
[EventDate "1999.09.26"]
[EventType "team"]
[EventRounds "11"]
[EventCountry "HUN"]
[Source "ChessBase"]
[SourceDate "2008.11.26"]
[WhiteTeam "Matador"]
[BlackTeam "Miskolc"]
[WhiteTeamCountry "HUN"]
[BlackTeamCountry "HUN"]

1. d4 Nf6 2. Nf3 e6 3. c4 Bb4+ 4. Bd2 Qe7 5. g3 Nc6 6. Nc3 O-O 7. Bg2 Bxc3 8.
Bxc3 Ne4 9. Rc1 d6 10. d5 Nb8 11. dxe6 Bxe6 12. Nd4 Bd7 13. O-O Nc6 14. e3 Rfe8
15. Ne2 Bf5 16. Nf4 Qd7 17. b3 Nxc3 18. Rxc3 Re5 19. Qd2 Rae8 20. Rd1 b6 21.
Qb2 a5 22. a3 Be4 23. Rcc1 Bxg2 24. Kxg2 Qc8 25. Qe2 Re4 26. Nd5 Nd4 27. Qd3
Nf5 28. Qe2 Ne7 29. Nxe7+ R8xe7 30. b4 axb4 31. axb4 Qe6 32. Rd5 g6 33. Rcd1
Re8 34. R5d4 h5 35. Qf3 Re5 36. h4 Qd7 37. Rd5 Qa4 38. R1d4 Qxb4 39. c5 Qb2 40.
cxd6 cxd6 41. Rxd6 Rxe3 42. Qf6 Re2 43. Rf4 Qxf6 1/2-1/2